Echt irre: Zur Lage der psychiatrischen Versorgung im deutschen Justizvollzug

Gespeichert in:  
Bibliographische Detailangaben
VerfasserInnen: Sezer, Angelika (Verfasst von) ; Walpuski, Olivia (Verfasst von)
Medienart: Druck Aufsatz
Sprache:Deutsch
Veröffentlicht: 2004
In: Freiheit und Unfreiheit
Jahr: 2004, Seiten: 137-148
Verfügbarkeit prüfen: HBZ Gateway
Schlagwörter:

MARC

LEADER 00000caa a22000002c 4500
001 1525813781
003 DE-627
005 20220604104622.0
007 tu
008 160223s2004 xx ||||| 00| ||ger c
020 |a 382550459X 
035 |a (DE-627)1525813781 
035 |a (DE-576)455813787 
035 |a (DE-599)BSZ455813787 
040 |a DE-627  |b ger  |c DE-627  |e rakwb 
041 |a ger 
100 1 |a Sezer, Angelika  |4 aut 
245 1 0 |a Echt irre: Zur Lage der psychiatrischen Versorgung im deutschen Justizvollzug  |c Angelika Sezer, Olivia Walpuski 
264 1 |c 2004 
336 |a Text  |b txt  |2 rdacontent 
337 |a ohne Hilfsmittel zu benutzen  |b n  |2 rdamedia 
338 |a Band  |b nc  |2 rdacarrier 
700 1 |a Walpuski, Olivia  |4 aut 
773 0 8 |i In  |t Freiheit und Unfreiheit  |d Herbolzheim : Centaurus-Verl., 2004  |g (2004), Seite 137-148  |h XII, 583 S.  |w (DE-627)372475957  |w (DE-576)107967219  |z 382550459X  |7 nnam 
773 1 8 |g year:2004  |g pages:137-148 
935 |a mkri 
951 |a AR 
ELC |b 1 
LOK |0 000 xxxxxcx a22 zn 4500 
LOK |0 001 2899268899 
LOK |0 003 DE-627 
LOK |0 004 1525813781 
LOK |0 005 20260206094103 
LOK |0 008 160208||||||||||||||||ger||||||| 
LOK |0 040   |a DE-21-110  |c DE-627  |d DE-21-110 
LOK |0 689   |a s  |a Psychiatrische Versorgung 
LOK |0 689   |a s  |a Strafvollzug 
LOK |0 852   |a DE-21-110 
LOK |0 852 1  |m p  |9 00 
LOK |0 935   |a k110 
LOK |0 938   |k p 
LOK |0 939   |a 08-02-16  |b l01 
ORI |a WA-MARC-krimdoka001.raw